Globale Fun Facts: Länderquiz - Statistiken

Allgemein
  • Dieses Quiz wurde 49 mal gespielt
  • Das Durchschnittsergebnis liegt bei 7 aus 15
Antwortstatistiken
Frage Antwort % Korrekt
Welches Land besitzt die längste Bahnstrecke der Welt? Russland
93%
Welches Land hat als einziges eine quadratische Nationalflagge? Schweiz
84%
Welches Land hat als einziges eine nicht-viereckige Nationalflagge? Nepal
71%
Welches Land hat die längste Küstenlinie der Erde? Kanada
67%
Welches Land hat gleich drei Hauptstädte (je eine für Exekutive, Legislative und Judikative)? Südafrika
67%
In welchem Land ist der Verkauf von Kaugummi weitgehend verboten? Singapur
60%
Welches Land erstreckt sich über die meisten Zeitzonen (inklusive überseeischer Gebiete)? Frankreich
58%
Welches Land besitzt den längsten Fluss, der vollständig in seinem Staatsgebiet verläuft? China
49%
Welches Land hat den höchsten Wasserfall der Welt? Venezuela
31%
Welches Land hat keinen einzigen permanenten natürlichen Fluss? Saudi Arabien
24%
Dieses Land hat die älteste noch existierende Nationalflagge der Welt, seit 1219 in Gebrauch. Dänemark
20%
In welchem Land bedeutet Kopfnicken „Nein“ und Kopfschütteln „Ja“? Bulgarien
13%
In welchem Land liegen Teile des Staatsgebiets in allen vier Erdhalbkugeln (Nord-, Süd-, Ost- und Westhalbkugel)? Kiribati
11%
Welches Land hat den weltweit höchsten Frauenanteil im Parlament? Ruanda
7%
Dieses Land hat mit 158 Strophen die längste Nationalhymne Griechenland
4%
Keine übereinstimmenden Quizze gefunden
Verteilung der Resultate
Anzahl Personen mit jedem Resultat
Perzentil nach korrekt beantworteten Fragen
Ihre Resultats-Entwicklung
Sie haben dieses Quiz noch nicht gespielt